Ricostruisci la Carriera del Calciatore - Diego Costa - Statistics

Statistiche generali
  • Questo quiz è stato fatto 7 volte
  • Il punteggio medio è 3 su 14
Statistiche sulle risposte
Hint Risposta % Corretto
2008-2009 Albacete
50%
2010-2012 Atlético Madrid
50%
2006-2007 Penafiel
50%
2018-2021 Atlético Madrid
25%
2021 Atlético Mineiro
25%
2014-2018 Chelsea
25%
2024- Grêmio
25%
2012 Rayo Vallecano
25%
2012-2014 Atlético Madrid
0%
2023 Botafogo
0%
2007 Braga
0%
2007-2008 Celta Vigo
0%
2009-2010 Real Valladolid
0%
2022-2023 Wolverhampton
0%
Nessun quiz corrispondente trovato
Distribuzione punteggi
Percentuale di utenti per punteggio
Percentile per numero di risposta
I tuoi punteggi nel tempo
Non hai fatto questo quiz